00289nam a2200109Ia 4500008004100000082001700041100001500058245004700073260003600120300000800156650001500164191201s2004 xx 000 0 und d a624.171bPAS aPAZ, Mario 0aStructural Dynamics Theory and Computation aN. DelhibC B S Publisherc2004 a555 aB.Tech(CE)